|
|
|
|
| LEADER |
00000cam a22000004a 4500 |
| 001 |
musev2_1441 |
| 003 |
MdBmJHUP |
| 005 |
20230905040220.0 |
| 006 |
m o d |
| 007 |
cr||||||||nn|n |
| 008 |
100727s2010 pau o 00 0 eng d |
| 010 |
|
|
|z 2010031531
|
| 020 |
|
|
|a 9780822977650
|
| 020 |
|
|
|z 9780822961239
|
| 035 |
|
|
|a (OCoLC)794925544
|
| 040 |
|
|
|a MdBmJHUP
|c MdBmJHUP
|
| 043 |
|
|
|a s-bl---
|
| 050 |
0 |
4 |
|a F2537
|b .J65 2010
|
| 082 |
0 |
|
|a 981/.05
|2 22
|
| 100 |
1 |
|
|a Johnson, Adriana Michele Campos,
|d 1972-
|
| 245 |
1 |
0 |
|a Sentencing Canudos :
|b Subalternity in the Backlands of Brazil /
|c Adriana Michele Campos Johnson.
|
| 264 |
|
1 |
|a Pittsburgh, Pa. :
|b University of Pittsburgh Press,
|c 2010.
|
| 264 |
|
3 |
|a Baltimore, Md. :
|b Project MUSE,
|c 2012
|
| 264 |
|
4 |
|c ©2010.
|
| 300 |
|
|
|a 1 online resource (235 pages).
|
| 336 |
|
|
|a text
|b txt
|2 rdacontent
|
| 337 |
|
|
|a computer
|b c
|2 rdamedia
|
| 338 |
|
|
|a online resource
|b cr
|2 rdacarrier
|
| 490 |
0 |
|
|a Illuminations: cultural formations of the Americas
|
| 504 |
|
|
|a Includes bibliographical references (p. 175-222) and index.
|
| 505 |
0 |
|
|a The voice of others -- A prose of counterinsurgency -- The event and the everyday -- Os Sertões : nationalism by elimination -- Another Canudos.
|
| 588 |
|
|
|a Description based on print version record.
|
| 651 |
|
0 |
|a Canudos (Euclides da Cunha, Brazil)
|x In literature.
|
| 651 |
|
0 |
|a Canudos (Euclides da Cunha, Brazil)
|x Historiography.
|
| 651 |
|
0 |
|a Brazil
|x History
|y Canudos Campaign, 1893-1897
|x Historiography.
|
| 600 |
1 |
0 |
|a Cunha, Euclides da,
|d 1866-1909.
|t Sertões.
|
| 655 |
|
7 |
|a Electronic books.
|2 local
|
| 710 |
2 |
|
|a Project Muse.
|e distributor
|
| 830 |
|
0 |
|a Illuminations (Pittsburgh, Pa.)
|
| 830 |
|
0 |
|a Book collections on Project MUSE.
|
| 856 |
4 |
0 |
|z Texto completo
|u https://projectmuse.uam.elogim.com/book/1441/
|
| 945 |
|
|
|a Project MUSE - Custom Collection
|
| 945 |
|
|
|a Project MUSE - 2010 History
|
| 945 |
|
|
|a Project MUSE - Archive Latin American and Caribbean Studies Foundation
|
| 945 |
|
|
|a Project MUSE - 2010 Complete
|